[Event "45th Olympiad 2024"]
[Site "Budapest HUN"]
[Date "2024.09.12"]
[Round "2.86"]
[Board "4"]
[White "Lompo, Boammani Aser"]
[Black "Mutuge Ian"]
[Result "0-1"]
[WhiteElo "1567"]
[BlackElo "1938"]
[WhiteTeam "Burkina Faso"]
[BlackTeam "Kenya"]
[WhiteFideId "22028390"]
[BlackFideId "10816593"]
[EventDate "2024.09.11"]

1. d4 Nf6 2. Bf4 e6 3. e3 Be7 4. Nd2 d5 5. Bd3 O-O 6. Ngf3 c5 7. c3 Nc6 8. Ne5
Bd6 9. g4 Bxe5 10. dxe5 Nd7 11. Nf3 g6 12. h4 Qc7 13. g5 Ndxe5 14. Nxe5 Nxe5 15.
Bc2 b6 16. h5 Bb7 17. Rh3 Rad8 18. hxg6 fxg6 19. Qb1 Qf7 20. f3 Nc4 21. b3 Na3
22. Bxg6 Qxg6 23. Qxg6+ hxg6 24. Be5 Nc2+ 25. Kd2 Nxa1 26. Rh8+ Kf7 27. Rh7+ Ke8
28. Rxb7 Rf7 29. Rxf7 Kxf7 30. Kc1 Ke8 31. Kb2 Nxb3 32. axb3 Kd7 33. Ka3 Kc6 34.
Ka4 a5 35. Ka3 b5 36. Kb2 b4 37. Kc2 Kb5 38. Kb2 c4 39. cxb4 axb4 40. bxc4+ dxc4
41. Bd4 Rxd4 42. exd4 Kc6 0-1

[Event "45th Olympiad 2024"]
[Site "Budapest HUN"]
[Date "2024.09.13"]
[Round "3.1"]
[Board "2"]
[White "So, Wesley"]
[Black "Naiditsch, Arkadij"]
[Result "1-0"]
[WhiteTitle "GM"]
[BlackTitle "GM"]
[WhiteElo "2752"]
[BlackElo "2643"]
[WhiteTeam "United States of America"]
[BlackTeam "Bulgaria"]
[WhiteFideId "5202213"]
[BlackFideId "4650891"]
[EventDate "2024.09.11"]

1. e4 e5 2. Nf3 Nc6 3. Bc4 Nf6 4. d3 Be7 5. Nc3 O-O 6. a3 d6 7. Be3 Nd7 8. Ba2
Nb6 9. Ne2 Be6 10. Bxe6 fxe6 11. h4 d5 12. Ng3 h6 13. Ng1 Kh8 14. Qg4 Nd4 15.
Bxd4 exd4 16. Nf3 Bd6 17. Nh5 Qd7 18. e5 Rxf3 19. gxf3 Bxe5 20. f4 Bd6 21. Rg1
Bf8 22. Kf1 Qf7 23. Re1 Re8 24. Qg6 Re7 25. f5 Qxg6 26. Rxg6 e5 27. Re6 Rf7 28.
R6xe5 Bd6 29. Re8+ Kh7 30. Ng3 Nd7 31. Ra8 Bxg3 32. fxg3 Rxf5+ 33. Kg2 Nf6 34.
Rf8 Kg6 35. Re7 1-0

[Event "45th Olympiad 2024"]
[Site "Budapest HUN"]
[Date "2024.09.13"]
[Round "3.1"]
[Board "3"]
[White "Petrov, Martin"]
[Black "Aronian, Levon"]
[Result "0-1"]
[WhiteTitle "GM"]
[BlackTitle "GM"]
[WhiteElo "2536"]
[BlackElo "2729"]
[WhiteTeam "Bulgaria"]
[BlackTeam "United States of America"]
[WhiteFideId "2911086"]
[BlackFideId "13300474"]
[EventDate "2024.09.11"]

1. e4 e5 2. Nf3 Nc6 3. Bc4 Bc5 4. O-O Nf6 5. d3 d6 6. c3 a5 7. Bg5 h6 8. Bh4 Qe7
9. d4 Ba7 10. Nbd2 O-O 11. Re1 exd4 12. e5 dxe5 13. Ne4 dxc3 14. Bxf6 gxf6 15.
Nh4 f5 16. Qh5 Kg7 17. Ng3 Qg5 18. Nhxf5+ Bxf5 19. Nxf5+ Kf6 20. Qxh6+ Qxh6 21.
Nxh6 cxb2 22. Rab1 Bd4 23. Ng4+ Kg5 24. Ne3 a4 25. a3 Na5 26. h4+ Kf6 27. Ba2
Nb3 28. Nc2 c5 29. Nxd4 exd4 30. Rxb2 Rfe8 31. Rd1 c4 32. Rc2 b5 33. Kf1 d3 34.
Rc3 Re2 0-1

[Event "45th Olympiad 2024"]
[Site "Budapest HUN"]
[Date "2024.09.13"]
[Round "3.1"]
[Board "4"]
[White "Robson, Ray"]
[Black "Petkov, Momchil"]
[Result "1/2-1/2"]
[WhiteTitle "GM"]
[BlackTitle "GM"]
[WhiteElo "2700"]
[BlackElo "2540"]
[WhiteTeam "United States of America"]
[BlackTeam "Bulgaria"]
[WhiteFideId "2023970"]
[BlackFideId "2921642"]
[EventDate "2024.09.11"]

1. e4 c5 2. Nf3 d6 3. d4 cxd4 4. Nxd4 Nf6 5. Nc3 Nc6 6. Bg5 e6 7. Qd2 Be7 8.
O-O-O a6 9. Bxf6 gxf6 10. f4 Nxd4 11. Qxd4 Qa5 12. Bc4 Qc5 13. Qd3 Bd7 14. Bb3
b5 15. f5 a5 16. fxe6 fxe6 17. e5 fxe5 18. Ne4 Qc6 19. Nxd6+ Bxd6 20. Qxd6 Qxd6
21. Rxd6 Ke7 22. Rhd1 Ra7 23. a3 Rg8 24. g3 Rf8 25. R6d2 Bc6 26. Re1 e4 27. c3
b4 28. Bc2 bxc3 29. bxc3 Rf3 30. Bxe4 Bxe4 31. Rxe4 Rxc3+ 32. Kb2 Rc5 33. Kb3
Rd7 34. Rde2 Rd6 35. Ka4 h5 36. Rf4 1/2-1/2

[Event "45th Olympiad 2024"]
[Site "Budapest HUN"]
[Date "2024.09.13"]
[Round "3.2"]
[Board "1"]
[White "Dragnev, Valentin"]
[Black "Rapport, Richard"]
[Result "1/2-1/2"]
[WhiteTitle "GM"]
[BlackTitle "GM"]
[WhiteElo "2556"]
[BlackElo "2715"]
[WhiteTeam "Austria"]
[BlackTeam "Hungary"]
[WhiteFideId "1634852"]
[BlackFideId "738590"]
[EventDate "2024.09.11"]

1. e4 c5 2. Nf3 Nc6 3. Bb5 g6 4. O-O Bg7 5. Re1 e5 6. Bxc6 dxc6 7. d3 Qe7 8. a4
Nf6 9. a5 O-O 10. Na3 b5 11. axb6 axb6 12. Bg5 h6 13. Bxf6 Bxf6 14. Nc4 Rb8 15.
Qd2 Bg7 16. h3 b5 17. Na5 Bd7 18. Nb3 Be6 19. Qc3 c4 20. Na5 Rbc8 21. dxc4 f5
22. Qe3 f4 23. Qb6 Qe8 24. Qc5 g5 25. Nb7 Rc7 26. Nd6 Qe7 27. Nxe5 Bxh3 28. Ng6
Qe6 29. Nf5 Qxg6 30. gxh3 Rff7 31. Ra8+ Kh7 32. Nd6 Bf8 33. e5 g4 34. h4 g3 35.
Qd4 gxf2+ 36. Kxf2 Qg3+ 37. Ke2 Bxd6 38. Qe4+ Kg7 39. exd6 f3+ 40. Kd1 f2 41.
Rf1 Qxd6+ 42. Kc1 Qf4+ 43. Qxf4 Rxf4 44. cxb5 cxb5 45. Ra3 Kf6 46. Re3 Rf7 47.
Kd2 Kf5 48. Rg3 b4 49. Ke2 Ke5 50. Re3+ Kd5 51. h5 R7f5 52. Rd3+ Kc6 53. c3 b3
54. c4 Rxh5 55. Rxb3 Rhf5 56. Rb5 Rf6 57. Ra5 Rf8 58. Rh5 R4f6 59. Re5 Rb8 60.
Rb5 Re6+ 61. Kd2 Rd6+ 62. Kc2 Rf8 63. Ra5 Rd4 64. b3 Rh4 65. Re5 h5 66. Kd2 Rh2
67. Ke2 h4 68. Re3 h3 69. b4 Rh8 70. Rf3 Re8+ 71. Kd2 Ra8 72. Ke3 Re8+ 73. Kd2
Rh8 74. Ke2 Re8+ 1/2-1/2

[Event "45th Olympiad 2024"]
[Site "Budapest HUN"]
[Date "2024.09.13"]
[Round "3.2"]
[Board "3"]
[White "Horvath, Dominik"]
[Black "Sjugirov, Sanan"]
[Result "1/2-1/2"]
[WhiteTitle "GM"]
[BlackTitle "GM"]
[WhiteElo "2559"]
[BlackElo "2644"]
[WhiteTeam "Austria"]
[BlackTeam "Hungary"]
[WhiteFideId "1642561"]
[BlackFideId "4189302"]
[EventDate "2024.09.11"]

1. e4 e6 2. d4 d5 3. Nc3 Nf6 4. Bg5 dxe4 5. Nxe4 Be7 6. Nxf6+ Bxf6 7. Bxf6 Qxf6
8. Nf3 O-O 9. Qd2 Rd8 10. Bd3 Nc6 11. O-O-O g6 12. Qh6 Nxd4 13. Ng5 Qg7 14. Qh4
Nc6 15. g4 b6 16. f4 Bb7 17. Be4 Rd6 18. Bg2 Kh8 19. Ne4 Nd4 20. Nxd6 Bxg2 21.
Rhe1 cxd6 22. Qf2 Nxc2 23. Qxc2 Bf3 24. Rxd6 Bxg4 25. Re3 Qf6 26. Qc3 Kg7 27.
Kd2 h6 28. h4 Bf5 29. b4 Rh8 30. Rg3 Qxc3+ 31. Rxc3 g5 32. hxg5 hxg5 33. fxg5
Rh2+ 34. Ke3 Rxa2 35. Rc7 Ra4 36. Rd4 a5 37. Rb7 axb4 38. Rxb6 Ra1 39. Rbxb4 Rg1
40. Rd2 Rg3+ 41. Kf2 Rxg5 42. Rb6 Kf6 43. Ke3 Rg3+ 44. Kd4 Rg4+ 45. Ke3 Kg5 46.
Rd7 Bg6 47. Re7 Re4+ 48. Kf3 Re5 49. Kf2 Bh5 50. Rc6 Re2+ 51. Kf1 Re4 52. Kf2 e5
53. Kg3 Kf5 54. Rc2 Kg5 55. Rc6 Re3+ 56. Kf2 Re2+ 57. Kg3 Kf5 58. Rc1 Kg5 59.
Rc6 f6 60. Rb6 Re3+ 61. Kf2 Re4 62. Rg7+ Kf5 63. Rg8 Rf4+ 64. Kg3 Bf7 65. Rf8
Kg6 66. Rd8 Kg5 67. Rd7 Bg6 68. Re7 Be4 69. Rg7+ Kf5 70. Rf7 Rg4+ 71. Kf2 Rg6
72. Rf8 Rh6 73. Kg3 Bd5 74. Rd6 Be6 75. Re8 Bc4 76. Rf8 Rg6+ 77. Kf2 Bb5 78. Rb6
Bd3 79. Ke3 Bc4 80. Kf2 Bd5 81. Rd6 Bh1 82. Rb6 Rh6 83. Kg3 Be4 84. Rd6 Kg5 85.
Rb6 Bf5 86. Kf2 Bg4 87. Rg8+ Kf5 88. Rf8 Rg6 1/2-1/2

[Event "45th Olympiad 2024"]
[Site "Budapest HUN"]
[Date "2024.09.13"]
[Round "3.3"]
[Board "1"]
[White "Gukesh, D"]
[Black "Kozak, Adam"]
[Result "1-0"]
[WhiteTitle "GM"]
[BlackTitle "GM"]
[WhiteElo "2764"]
[BlackElo "2609"]
[WhiteTeam "India"]
[BlackTeam "Hungary B"]
[WhiteFideId "46616543"]
[BlackFideId "753246"]
[EventDate "2024.09.11"]

1. d4 Nf6 2. c4 e6 3. Nf3 Bb4+ 4. Nbd2 d5 5. Qa4+ Nc6 6. e3 O-O 7. a3 Bxd2+ 8.
Bxd2 Ne4 9. Rd1 Ne7 10. Bd3 b6 11. Qc2 Bb7 12. O-O h6 13. Bc1 a5 14. b3 Ng6 15.
Bb2 f5 16. a4 Rf7 17. Ne1 Rc8 18. f3 Nf6 19. Be2 Qe8 20. Nd3 Nd7 21. Rfe1 Ne7
22. Bf1 Nc6 23. Ba3 Nf6 24. Rc1 Rd7 25. Nf4 Qf7 26. c5 Rdd8 27. Bb5 Nd7 28. Qd2
Qf6 29. Rc2 g5 30. Nd3 Ndb8 31. Rec1 Qg7 32. Qe1 Kh8 33. Ne5 Nxe5 34. dxe5 c6
35. Bd3 bxc5 36. Rxc5 Nd7 37. Rxa5 Nxe5 38. Bf1 Ra8 39. Rc2 Ng6 40. Bb2 e5 41.
Rxa8 Bxa8 42. a5 Kh7 43. a6 Rb8 44. b4 Qa7 45. Rc5 Qe7 46. Qc3 Rd8 47. Qc2 e4
48. fxe4 fxe4 49. b5 Qc7 50. bxc6 Rf8 51. Bb5 Ne7 52. Rxd5 Rf7 53. Qxe4+ Kg8 54.
Qd4 1-0

[Event "45th Olympiad 2024"]
[Site "Budapest HUN"]
[Date "2024.09.13"]
[Round "3.3"]
[Board "2"]
[White "Banusz, Tamas"]
[Black "Praggnanandhaa, R"]
[Result "0-1"]
[WhiteTitle "GM"]
[BlackTitle "GM"]
[WhiteElo "2605"]
[BlackElo "2750"]
[WhiteTeam "Hungary B"]
[BlackTeam "India"]
[WhiteFideId "722413"]
[BlackFideId "25059530"]
[EventDate "2024.09.11"]

1. Nf3 d5 2. g3 c5 3. Bg2 Nf6 4. O-O e6 5. d3 Nc6 6. a4 Be7 7. Bf4 Bd6 8. Bxd6
Qxd6 9. Nbd2 e5 10. e4 d4 11. Nc4 Qc7 12. c3 Bg4 13. h3 Bxf3 14. Bxf3 O-O 15.
Qb3 g6 16. a5 Qe7 17. Kg2 h5 18. h4 Rab8 19. Rfc1 Rfd8 20. Be2 Ne8 21. Nd2 Nc7
22. Nf3 Ne6 23. Ra4 b5 24. axb6 Rxb6 25. Qa2 Rdb8 26. Rc2 a5 27. Nd2 Rb5 28. Bf1
Qf6 29. Nf3 Kg7 30. Be2 Qe7 31. Bf1 Qb7 32. Qd5 c4 33. Qxc4 Rc5 34. Qa2 Nb4 35.
cxb4 Rxc2 36. Nxe5 Qe7 37. Qb1 Rc7 38. Rxa5 Qxb4 39. Ra2 Rbb7 40. Nc4 Ra7 41.
Qa1 Qb8 42. Rxa7 Rxa7 43. Qd1 Qa8 44. Qf3 Ra1 45. Be2 Qa2 46. Nd6 Nd8 47. Kh2
Qb1 48. Kh3 Qh1+ 49. Qxh1 Rxh1+ 50. Kg2 Re1 51. Bf1 Nc6 52. Nc4 Nb4 53. f4 f6
54. Kf2 Rd1 55. e5 f5 56. Bg2 Rxd3 57. Bf3 Na6 58. Be2 Rb3 59. Bd1 Rb4 60. b3
Nc5 61. Nd2 Ne4+ 62. Ke1 Nxg3 63. Nc4 Ne4 0-1

[Event "45th Olympiad 2024"]
[Site "Budapest HUN"]
[Date "2024.09.13"]
[Round "3.3"]
[Board "4"]
[White "Papp, Gabor1"]
[Black "Vidit, Santosh Gujrathi"]
[Result "1/2-1/2"]
[WhiteTitle "GM"]
[BlackTitle "GM"]
[WhiteElo "2550"]
[BlackElo "2720"]
[WhiteTeam "Hungary B"]
[BlackTeam "India"]
[WhiteFideId "718602"]
[BlackFideId "5029465"]
[EventDate "2024.09.11"]

1. e4 e6 2. d4 d5 3. Nd2 c5 4. exd5 Qxd5 5. Ngf3 cxd4 6. Bc4 Qd7 7. O-O Nc6 8.
Nb3 a6 9. Nbxd4 Nxd4 10. Nxd4 Qc7 11. Bd3 Nf6 12. Re1 Bd6 13. h3 O-O 14. Bg5
Bh2+ 15. Kh1 Be5 16. Rxe5 Qxe5 17. f4 Qc7 18. Bxf6 gxf6 19. Qg4+ Kh8 20. Qh4 f5
21. Qf6+ Kg8 22. Nxf5 exf5 23. Qg5+ Kh8 24. Qf6+ Kg8 25. Qg5+ Kh8 26. Qf6+ Kg8 1/2-1/2

[Event "45th Olympiad 2024"]
[Site "Budapest HUN"]
[Date "2024.09.13"]
[Round "3.4"]
[Board "1"]
[White "Fedoseev, Vladimir3"]
[Black "Ding, Liren"]
[Result "1/2-1/2"]
[WhiteTitle "GM"]
[BlackTitle "GM"]
[WhiteElo "2692"]
[BlackElo "2736"]
[WhiteTeam "Slovenia"]
[BlackTeam "China"]
[WhiteFideId "24130737"]
[BlackFideId "8603677"]
[EventDate "2024.09.11"]

1. d4 Nf6 2. Bf4 d5 3. Nf3 c5 4. e3 e6 5. Nbd2 Qb6 6. Rb1 Bd6 7. dxc5 Qxc5 8.
Bg5 Be7 9. Bd3 O-O 10. O-O h6 11. b4 Qb6 12. Bf4 a5 13. a3 axb4 14. axb4 Nc6 15.
c3 Rd8 16. b5 Nb8 17. c4 Nbd7 18. h3 Nc5 19. Bc2 Bd6 20. Ne5 Qc7 21. b6 Qe7 22.
Qf3 Ncd7 23. Nd3 e5 24. Bg3 e4 25. Bxd6 Qxd6 26. Qf4 Nxb6 27. Qxd6 Rxd6 28. c5
Rc6 29. Rxb6 exd3 30. Bxd3 Rxc5 31. Nf3 Ra3 32. Be2 Rac3 33. Nd4 Rc1 34. g4
Rxf1+ 35. Bxf1 Kf8 36. f3 Ke7 37. Kf2 Ne8 38. h4 Nd6 39. Bd3 Kd7 40. g5 hxg5 41.
hxg5 Kc7 42. Rb3 Bd7 43. g6 fxg6 44. Bxg6 Nb5 45. Ne2 Nd6 46. Nd4 Nb5 47. Ne2
Nd6 1/2-1/2

[Event "45th Olympiad 2024"]
[Site "Budapest HUN"]
[Date "2024.09.13"]
[Round "3.4"]
[Board "3"]
[White "Subelj, Jan"]
[Black "Bu, Xiangzhi"]
[Result "1/2-1/2"]
[WhiteTitle "GM"]
[BlackTitle "GM"]
[WhiteElo "2498"]
[BlackElo "2693"]
[WhiteTeam "Slovenia"]
[BlackTeam "China"]
[WhiteFideId "14618583"]
[BlackFideId "8601445"]
[EventDate "2024.09.11"]

1. e4 e5 2. Nf3 Nf6 3. Nxe5 d6 4. Nf3 Nxe4 5. d3 Nf6 6. d4 d5 7. h3 h6 8. Bd3
Bd6 9. O-O O-O 10. Nc3 c6 11. Ne5 c5 12. Nb5 Be7 13. dxc5 Bxc5 14. Bf4 a6 15.
Nc3 Nc6 16. Nxc6 bxc6 17. Qf3 Bd6 18. Ne2 a5 19. c4 Bxf4 20. Nxf4 a4 21. Rad1
Rb8 22. cxd5 cxd5 23. Bc2 Rxb2 24. Bxa4 Ba6 25. Rfe1 Rxa2 26. Bb3 Ra3 27. Nxd5
Nxd5 28. Qxd5 Qxd5 29. Bxd5 Rd3 30. Rxd3 Bxd3 1/2-1/2

[Event "45th Olympiad 2024"]
[Site "Budapest HUN"]
[Date "2024.09.13"]
[Round "3.4"]
[Board "4"]
[White "Wang, Yue"]
[Black "Sebenik, Matej"]
[Result "1-0"]
[WhiteTitle "GM"]
[BlackTitle "GM"]
[WhiteElo "2637"]
[BlackElo "2515"]
[WhiteTeam "China"]
[BlackTeam "Slovenia"]
[WhiteFideId "8601429"]
[BlackFideId "14602296"]
[EventDate "2024.09.11"]

1. e4 c5 2. Nf3 d6 3. d4 cxd4 4. Nxd4 Nf6 5. Nc3 a6 6. Be3 e5 7. Nf3 Be7 8. Bc4
Be6 9. Bxe6 fxe6 10. Ng5 Qd7 11. Qf3 h6 12. Qh3 Nc6 13. Na4 Bd8 14. O-O-O Qe7
15. Nxe6 Ba5 16. f4 Kf7 17. f5 Rac8 18. Bb6 Nxe4 19. Bxa5 Nxa5 20. Nb6 Nf6 21.
Qg3 g5 22. fxg6+ 1-0

[Event "45th Olympiad 2024"]
[Site "Budapest HUN"]
[Date "2024.09.13"]
[Round "3.5"]
[Board "1"]
[White "Abdusattorov, Nodirbek"]
[Black "Brkic, Ante"]
[Result "1-0"]
[WhiteTitle "GM"]
[BlackTitle "GM"]
[WhiteElo "2766"]
[BlackElo "2642"]
[WhiteTeam "Uzbekistan"]
[BlackTeam "Croatia"]
[WhiteFideId "14204118"]
[BlackFideId "14506688"]
[EventDate "2024.09.11"]

1. d4 Nf6 2. c4 e6 3. Nf3 d5 4. g3 Bb4+ 5. Bd2 Be7 6. Bg2 O-O 7. O-O Nbd7 8. Qc2
c6 9. Rc1 a5 10. a4 h6 11. Bc3 b6 12. Nbd2 Bb7 13. Rd1 Qc7 14. b3 Rfd8 15. Bb2
Rac8 16. Rac1 c5 17. cxd5 Bxd5 18. e4 Bc6 19. Re1 Bb7 20. Bh3 Nf8 21. d5 exd5
22. Be5 Qc6 23. Bxf6 Bxf6 24. exd5 Rxd5 25. Bxc8 Qxc8 26. Ne4 Qf5 27. Nxf6+ Qxf6
28. Re3 Ne6 29. Rce1 g5 30. Qe4 Kg7 31. h4 Rd7 32. Qg4 Bxf3 33. Rxf3 Rd4 34. Qh5
Qg6 35. Qxg6+ Kxg6 36. h5+ Kg7 37. Kg2 Rb4 38. Rc3 Kf6 39. Ree3 b5 40. Rf3+ Ke7
41. axb5 Rxb5 42. Rce3 Rb6 43. Rf5 Kf8 44. Rd3 Rb7 45. Rd6 Kg7 46. Ra6 Nd4 47.
Rxc5 Nxb3 48. Rd5 Rc7 49. Rd8 Nc5 50. Raa8 Ne4 51. Rg8+ Kf6 52. Ra6+ Ke7 53.
Rxh6 Rc2 54. Rhh8 Nxf2 55. Kf3 g4+ 56. Ke3 Nd1+ 57. Kf4 Rc4+ 58. Kg5 Rc5+ 59.
Kh4 Nf2 60. Rc8 1-0

[Event "45th Olympiad 2024"]
[Site "Budapest HUN"]
[Date "2024.09.13"]
[Round "3.5"]
[Board "2"]
[White "Martinovic, Sasa"]
[Black "Yakubboev, Nodirbek"]
[Result "1/2-1/2"]
[WhiteTitle "GM"]
[BlackTitle "GM"]
[WhiteElo "2563"]
[BlackElo "2666"]
[WhiteTeam "Croatia"]
[BlackTeam "Uzbekistan"]
[WhiteFideId "14509792"]
[BlackFideId "14203987"]
[EventDate "2024.09.11"]

1. d4 Nf6 2. c4 e6 3. Nf3 d5 4. Nc3 Bb4 5. Qa4+ Nc6 6. e3 O-O 7. Bd2 Re8 8. a3
Bf8 9. Be2 h6 10. O-O a6 11. Rad1 dxc4 12. Bxc4 Bd6 13. e4 Bd7 14. Qc2 e5 15.
dxe5 Nxe5 16. Nxe5 Bxe5 17. h3 b5 18. Ba2 c5 19. Rfe1 c4 20. Bb1 Nh5 21. Be3 Re6
22. Rd5 Qc7 23. Rc5 Rc6 24. Nd5 Qd6 25. Rxc6 Bxc6 26. Rd1 Bxd5 27. Rxd5 Qe6 28.
Qd2 Nf6 29. Rd8+ Rxd8 30. Qxd8+ Qe8 31. Qxe8+ Nxe8 32. Bc1 Nd6 33. Kf1 f6 34.
Ke2 Bd4 35. Bc2 Kf8 36. f3 Ke7 37. b3 Kd7 38. bxc4 Nxc4 39. a4 Kc6 40. axb5+
axb5 41. Kd3 Kc5 42. Bb3 Bb2 43. Bxb2 Nxb2+ 44. Kc3 Na4+ 45. Kd3 Nb2+ 46. Kc3
Na4+ 47. Kd3 Nb2+ 48. Kc3 Na4+ 1/2-1/2

[Event "45th Olympiad 2024"]
[Site "Budapest HUN"]
[Date "2024.09.13"]
[Round "3.5"]
[Board "3"]
[White "Sindarov, Javokhir"]
[Black "Livaic, Leon"]
[Result "1-0"]
[WhiteTitle "GM"]
[BlackTitle "GM"]
[WhiteElo "2677"]
[BlackElo "2550"]
[WhiteTeam "Uzbekistan"]
[BlackTeam "Croatia"]
[WhiteFideId "14205483"]
[BlackFideId "14531534"]
[EventDate "2024.09.11"]

1. e4 d6 2. d4 Nf6 3. Bd3 e5 4. dxe5 dxe5 5. Nf3 Bd6 6. Nbd2 Nbd7 7. O-O O-O 8.
Nc4 h6 9. Qe1 b6 10. b4 Re8 11. Bb2 Nh5 12. g3 Bb7 13. Qe2 Nhf6 14. Rfd1 Qe7 15.
a3 Kh7 16. Nfd2 g6 17. Nxd6 cxd6 18. Ba6 Bxa6 19. Qxa6 Rac8 20. Qd3 Qe6 21. Nf1
Qc4 22. Qxc4 Rxc4 23. Ne3 Rc6 24. b5 Rc7 25. f3 Re6 26. a4 Nc5 27. a5 Ne8 28.
axb6 axb6 29. Ra8 Nd7 30. c4 f5 31. Nd5 Rb7 32. Rda1 Nef6 33. R1a7 Rxa7 34. Rxa7
Kg8 35. Ba3 fxe4 36. fxe4 Nc5 37. Nxb6 Ncxe4 38. Nc8 Ng4 39. b6 Rf6 40. Ne7+ 1-0

[Event "45th Olympiad 2024"]
[Site "Budapest HUN"]
[Date "2024.09.13"]
[Round "3.6"]
[Board "1"]
[White "Lodici, Lorenzo"]
[Black "Giri, Anish"]
[Result "1-0"]
[WhiteTitle "GM"]
[BlackTitle "GM"]
[WhiteElo "2556"]
[BlackElo "2724"]
[WhiteTeam "Italy"]
[BlackTeam "Netherlands"]
[WhiteFideId "884189"]
[BlackFideId "24116068"]
[EventDate "2024.09.11"]

1. d4 Nf6 2. c4 e6 3. Nc3 Bb4 4. e3 b6 5. Bd3 Bb7 6. Ne2 Bxg2 7. Rg1 Bf3 8. Rg3
Bxc3+ 9. bxc3 Be4 10. Qc2 Bxd3 11. Qxd3 Nh5 12. Rh3 g6 13. e4 d6 14. Ng3 Nxg3
15. Qxg3 f6 16. Bh6 Rg8 17. e5 Nd7 18. O-O-O Qe7 19. exf6 Nxf6 20. Bg5 Ne4 21.
Bxe7 Nxg3 22. fxg3 Kxe7 23. Rxh7+ Kd8 24. Rf1 Kc8 25. Rff7 Kb7 26. Rxc7+ Ka6 27.
Rhe7 Rgf8 28. Kb2 d5 29. Rxe6 dxc4 30. Rxc4 Rf2+ 31. Kb3 1-0

[Event "45th Olympiad 2024"]
[Site "Budapest HUN"]
[Date "2024.09.13"]
[Round "3.6"]
[Board "2"]
[White "Van Foreest, Jorden"]
[Black "Moroni, Luca Jr"]
[Result "1-0"]
[WhiteTitle "GM"]
[BlackTitle "GM"]
[WhiteElo "2696"]
[BlackElo "2558"]
[WhiteTeam "Netherlands"]
[BlackTeam "Italy"]
[WhiteFideId "1039784"]
[BlackFideId "865834"]
[EventDate "2024.09.11"]

1. e4 c6 2. d4 d5 3. e5 Bf5 4. Nf3 e6 5. Be2 Nd7 6. O-O a5 7. Ne1 Ne7 8. c3 a4
9. Na3 Bg6 10. Nd3 Nf5 11. Nc2 Be7 12. Nf4 b5 13. g3 Qb6 14. h4 h6 15. Nxg6 fxg6
16. h5 g5 17. Ne3 O-O-O 18. Bg4 Rdf8 19. Qd3 g6 20. b3 a3 21. Bd2 Kb8 22. Rac1
Rhg8 23. hxg6 Ng7 24. c4 h5 25. cxd5 hxg4 26. dxc6 Rh8 27. Qe4 Nf5 28. Nxf5 exf5
29. Qd5 1-0

[Event "45th Olympiad 2024"]
[Site "Budapest HUN"]
[Date "2024.09.13"]
[Round "3.6"]
[Board "3"]
[White "Sonis, Francesco"]
[Black "Warmerdam, Max"]
[Result "1-0"]
[WhiteTitle "GM"]
[BlackTitle "GM"]
[WhiteElo "2554"]
[BlackElo "2679"]
[WhiteTeam "Italy"]
[BlackTeam "Netherlands"]
[WhiteFideId "895733"]
[BlackFideId "1048104"]
[EventDate "2024.09.11"]

1. c4 Nf6 2. Nc3 g6 3. g3 Bg7 4. Bg2 O-O 5. d4 d6 6. Nf3 Nbd7 7. O-O e5 8. e4
Re8 9. h3 b6 10. Qc2 exd4 11. Nxd4 Bb7 12. Rd1 Nc5 13. f3 Qe7 14. Nb3 c6 15.
Nxc5 bxc5 16. Be3 d5 17. Na4 Nd7 18. cxd5 cxd5 19. Bxc5 Rac8 20. Bxe7 Rxc2 21.
Bg5 Bc6 22. Nc3 d4 23. Nd5 Bxd5 24. exd5 Ree2 25. Bf1 Rh2 26. Rd3 Ne5 27. d6 f6
28. Bf4 g5 29. Bxe5 fxe5 30. d7 Bf6 31. Re1 Rxb2 32. Rxe5 Rhc2 33. Re6 1-0

[Event "45th Olympiad 2024"]
[Site "Budapest HUN"]
[Date "2024.09.13"]
[Round "3.6"]
[Board "4"]
[White "L'Ami, Erwin"]
[Black "Brunello, Sabino"]
[Result "0-1"]
[WhiteTitle "GM"]
[BlackTitle "GM"]
[WhiteElo "2628"]
[BlackElo "2511"]
[WhiteTeam "Netherlands"]
[BlackTeam "Italy"]
[WhiteFideId "1007998"]
[BlackFideId "813613"]
[EventDate "2024.09.11"]

1. d4 Nf6 2. c4 g6 3. Nc3 d5 4. cxd5 Nxd5 5. e4 Nxc3 6. bxc3 Bg7 7. Bc4 c5 8.
Ne2 Nc6 9. Be3 O-O 10. O-O Bg4 11. f3 Na5 12. Bxf7+ Rxf7 13. fxg4 Rxf1+ 14. Kxf1
Qd6 15. e5 Qd5 16. Kg1 Nc4 17. Bf2 Rf8 18. g5 Qf7 19. Qe1 Na3 20. Rc1 Qxa2 21.
g3 Qc4 22. Nf4 Nb5 23. Qf1 Qxf1+ 24. Kxf1 Rc8 25. Nd5 Kf7 26. Rb1 Nc7 27. Nf4 b5
28. Ke2 c4 29. e6+ Ke8 30. Kf3 a5 31. Ke4 b4 32. cxb4 Nb5 33. Be1 a4 34. Ra1 a3
35. Ne2 Rd8 36. Bf2 Rd6 37. Nc1 Bxd4 0-1

[Event "45th Olympiad 2024"]
[Site "Budapest HUN"]
[Date "2024.09.13"]
[Round "3.7"]
[Board "1"]
[White "Stremavicius, Titas"]
[Black "Keymer, Vincent"]
[Result "1-0"]
[WhiteTitle "GM"]
[BlackTitle "GM"]
[WhiteElo "2527"]
[BlackElo "2730"]
[WhiteTeam "Lithuania"]
[BlackTeam "Germany"]
[WhiteFideId "12804444"]
[BlackFideId "12940690"]
[EventDate "2024.09.11"]

1. d4 Nf6 2. c4 e6 3. Nf3 h6 4. g3 Bb4+ 5. Bd2 Be7 6. Bg2 d5 7. Qc2 O-O 8. O-O
c6 9. Rd1 Nbd7 10. Bf4 a5 11. Nc3 b6 12. Ne5 Nxe5 13. dxe5 Nd7 14. cxd5 cxd5 15.
e4 d4 16. Rxd4 g5 17. Be3 Bc5 18. Qe2 Qe8 19. Rd2 Ba6 20. Qd1 Nxe5 21. Bxc5 bxc5
22. f4 Nc4 23. Rf2 Ne3 24. Qf3 Nxg2 25. fxg5 hxg5 26. e5 Rb8 27. Ne4 f5 28. exf6
Bb7 29. Rxg2 Qg6 30. Re2 c4 31. Rf1 Bxe4 32. Rxe4 Rxb2 33. Rxe6 Qh7 34. f7+ Kh8
35. Qc3+ 1-0